000 01039nam a2200229Ia 4500
001 L230-5729
003 IT-CnALBA
008 170116s9999||||xx |||||||||||||| ||und||
040 _aIT-CnALBA
_cIT-CnALBA
041 _aITALIANO
100 _aGOUSSET M. G. TOMMASO, CARDINALE
245 0 _aTEOLOGIA DOGMATICA. VOL. I.
250 _a1a ed.
260 _aPARMA
_bFIACCADORI PIETRO, TIPOGR. VESC. PARMA'
_c1851 [1° Ed.:1851 - Ed.Ling.Originale: 1851]
300 _a736 p. (prefazione: 58)
500 _aSACRA SCRITTURA. TRADIZIONE. RELIGIONE. RIVELAZIONE. ANTICO E NUOVO TESTAMENTO. CHIESA: NOZIONI E PROPRIETÀ DELLA CHIESA. PREROGATIVE DELLA CHIESA. IL PAPA.
501 _aSocietà San Paolo EM - Piazza San Paolo, 14 - 12051 ALBA (CN) (non commercial uses only) ® Copyright 2017
520 _aSACRA SCRITTURA. TRADIZIONE. RELIGIONE. RIVELAZIONE. ANTICO E NUOVO TESTAMENTO. CHIESA: NOZIONI E PROPRIETÀ DELLA CHIESA. PREROGATIVE DELLA CHIESA. IL PAPA.
650 _aDOGMATICA CRISTIANA
942 _cBK
957 _71
999 _a6708
_bSI
_g Copie: 1
_c264914
_d264914